[Event "Interzonal-15"]
[Site "Manila"]
[Date "1990.??.??"]
[Round "12"]
[White "Illescas Cordoba, Miguel"]
[Black "Ye, Rongguang"]
[Result "1-0"]
[WhiteElo "2535"]
[BlackElo "2525"]
[Annotator "Ribli,Z"]
[PlyCount "76"]
[EventDate "1990.06.29"]
[EventType "swiss"]
[EventRounds "13"]
[EventCountry "PHI"]
[SourceTitle "CBM 019"]
[Source "ChessBase"]
[SourceDate "1990.12.01"]
[SourceVersion "1"]
[SourceVersionDate "1990.12.01"]
[SourceQuality "1"]

1. c4 e5 2. Nc3 Nf6 3. Nf3 Nc6 4. e3 Bb4 5. Qc2 O-O 6. Nd5 Re8 7. Bd3 (7. Qf5
d6 8. Nxf6+ Qxf6 9. Qxf6 gxf6 10. a3 Bc5 11. b4 Bb6 12. Bb2 a5 {Badea Takacs,
B-Adams,M Prestwich 1990 CBM 18}) 7... g6 8. a3 Bf8 9. Nxf6+ (9. O-O Bg7 10.
Nxf6+ Qxf6 11. Be4 Qe7 12. b4 Nd8 13. Bb2 d6 14. d3 c6 15. Nd2 f5 16. Bf3 Nf7
17. Rac1 Be6 18. Be2 h5 $10 {Kortschnoj,V-Nikolic,Pr Amsterdam 1988 46/(28)})
9... Qxf6 10. Be4 d6 11. b4 Qd8 12. Bb2 Ne7 13. h4 h5 (13... f5 14. Bd3 e4 $2
15. Qc3) 14. Ng5 Bg7 15. Bf3 Nf5 16. g3 c6 17. Qb3 a5 18. O-O a4 19. Qc2 Bh6 (
19... Bd7) 20. Ne4 d5 (20... Be6) 21. cxd5 cxd5 22. Nc5 e4 23. Bg2 b6 24. Nxa4
Ba6 25. Rfc1 Bd3 26. Qb3 d4 27. Rc6 $1 $8 Bb5 28. Rxg6+ Kf8 29. Nxb6 fxg6 30.
Nxa8 Qxa8 31. a4 Be2 32. b5 $146 Qb8 33. Qd5 Re5 34. Ba3+ Kg7 35. Qd7+ Kf6 36.
Rc1 Re6 37. Rc8 Qb6 38. Rc7 Re5 {Ribli} 1-0

[Event "Cheliabinsk"]
[Site "Cheliabinsk"]
[Date "1991.??.??"]
[Round "?"]
[White "Savon, Vladimir A"]
[Black "Kholmov, Ratmir D"]
[Result "1/2-1/2"]
[WhiteElo "2465"]
[BlackElo "2445"]
[Annotator "Ribli,Z"]
[PlyCount "85"]
[EventDate "1991.??.??"]
[EventType "tourn"]
[EventRounds "11"]
[EventCountry "URS"]
[EventCategory "7"]
[SourceTitle "CBM 025"]
[Source "ChessBase"]
[SourceDate "1991.12.01"]
[SourceVersion "1"]
[SourceVersionDate "1991.12.01"]
[SourceQuality "1"]

1. c4 e5 2. Nc3 Nc6 3. Nf3 Nf6 4. d3 Be7 5. e3 O-O 6. Be2 d5 7. cxd5 Nxd5 8.
O-O Be6 9. Bd2 (9. Qc2 Qd7 10. Rd1 $1 f5 11. a3 a5 12. Rb1 Bf6 13. Ne4 $1 fxe4
14. dxe4 Ndb4 $2 15. axb4 Nxb4 16. Rxd7 Nxc2 17. Rxc7 $16 {Ribli,Z-Georgiev,
Kir Reggio Emilia 1989/90 49/42}) 9... Qd7 10. a3 f6 11. Qc2 Nxc3 12. bxc3 (12.
Bxc3 $5 $14) 12... Nd8 13. d4 exd4 14. cxd4 Nf7 15. Bd3 g6 16. Bc3 f5 17. e4
fxe4 18. Bxe4 Bf5 19. Rfe1 Bf6 20. Ne5 Bxe5 21. dxe5 Bxe4 22. Qxe4 Ng5 23. Qxb7
Qf7 24. e6 $5 (24. Bd4 $5 $14) 24... Nxe6 25. Qe4 Rae8 26. Qe5 Ng7 27. Qc5 a6
28. Rxe8 Rxe8 29. Rd1 h6 30. Qc6 Re2 31. f3 Qe6 $1 32. Qxc7 Ne8 33. Qc5 Rxg2+
$1 34. Kxg2 Qe2+ 35. Kg3 Qxd1 36. Qc4+ Kf8 37. Qf4+ Kg8 38. Qc4+ Kf8 39. Bb4+
Kg7 40. Kg2 Nd6 41. Bxd6 Qxd6 42. f4 g5 43. fxg5 1/2-1/2

[Event "Biel Credis"]
[Site "Biel"]
[Date "1997.07.31"]
[Round "9"]
[White "Onischuk, Alexander"]
[Black "Kobalia, Mihail"]
[Result "1-0"]
[WhiteElo "2625"]
[BlackElo "2495"]
[Annotator "Ribli,Z"]
[PlyCount "105"]
[EventDate "1997.07.20"]
[EventType "tourn"]
[EventRounds "10"]
[EventCountry "SUI"]
[EventCategory "10"]
[SourceTitle "CBM 060"]
[Source "ChessBase"]
[SourceDate "1997.09.29"]
[SourceVersion "1"]
[SourceVersionDate "1997.09.29"]
[SourceQuality "1"]

1. c4 e5 2. Nc3 Nc6 3. Nf3 Nf6 4. e3 Be7 (4... Bb4 $5 {Nach meiner Meinung ist
das die prinzipielle Antwort.}) 5. d4 (5. a3 O-O 6. Qc2 d6 7. Be2 Re8 8. d3 Bf8
9. b4 Bf5 $13 {Smejkal,J-Paehtz,J Altensteig 1990 CBM/20}) 5... exd4 6. Nxd4
Nxd4 (6... O-O 7. Be2 (7. Nde2 Re8 8. Nf4 Ne5 9. Be2 c6 10. O-O a6 11. b3 b5
12. Bb2 d6 13. Qc2 Ng6 {1/2-1/2 Timman,J-Miles,A/Bugojno 1984}) 7... d5 (7...
Re8 8. O-O Bf8 (8... d5 9. cxd5 Nxd5 10. Nxd5 Qxd5 11. Bf3 Qc5 12. Nxc6 bxc6
13. Bd2 Bb7 14. Qa4 {1-0 King,D-Plaskett,J/BCF-ch Eastbourne 1990 (37)}) (8...
Nxd4 9. Qxd4 Bd6 10. Rd1 (10. Bd2 Be5 11. Qd3 Qe7 12. Rad1 c6 $11) 10... Be5 {
[%csl Ge5]} 11. Qd3 c6 12. Bd2 d6) 9. b3 Ne5 10. Bb2 d6 11. Qc2 Bd7 12. Rad1 {
Dubinin,P-Pogrebissky,I/URS-ch11 Leningrad 1939/1-0 (50)}) 8. cxd5 (8. Nxd5
Nxd5 9. cxd5 Qxd5 10. Bf3 Qc4 11. b3 {1/2-1/2 Chernin,A-Shmuter,L/Rishon le
Zion 1994}) 8... Nb4 (8... Nxd5 9. Nxc6 bxc6 10. O-O Bf6 {1/2-1/2 Petit,
E-Lalic,B/Toulouse op 1990 (40)}) 9. O-O (9. Bf3 Nbxd5 10. Nxd5 Nxd5 11. O-O
Bf6 12. Qb3 Nb6 13. Rd1 {1/2-1/2 Miles,A-Timman,J/Bled/Portoroz 1979 (19)})
9... Nbxd5 10. Nxd5 Qxd5 11. Bd2 (11. Qc2 c5 12. Bf3 Qe5 13. Ne2 Bf5 14. Qc3
Qc7 15. Ng3 Bg6 {1/2-1/2 Bischoff,K-Brueckner,T/BL8990 1990 (16)}) (11. Qb3
Qxb3 12. Nxb3 Rd8 13. Bd2 Ne4 14. Be1 {1/2-1/2 Derikum,A-Doncevic,D/BL8990
1990 (17)}) 11... a6 12. Bf3 Qe5 13. Bc3 Bd6 14. g3 Ne4 15. Ne2 Nxc3 16. Nxc3
Rb8 17. Bg4 Bf5 18. Bxf5 Qxf5 19. Qb1 Qh3 20. Rd1 {1/2-1/2 Verweij,M-Kalinin,M/
NLD-ch op 1994 (42)}) (6... Bb4 7. Nxc6 (7. Qc2 Nxd4 8. exd4 Qe7+ 9. Be2 Qe4
10. Qxe4+ Nxe4 {1/2-1/2 Olafsson,H-Ivanov,A/NY Open 1997}) 7... Bxc3+ 8. bxc3
dxc6 9. Qc2 Qe7 10. f3 Be6 11. Rb1 b6 12. Qa4 Bd7 13. Be2 c5 14. Qc2 O-O 15.
O-O Bc6 16. e4 Rad8 17. Bg5 h6 18. Bh4 g5 19. Bf2 {1/2-1/2 Gulko,B-Ivanov,A/St.
Martin op 1992}) 7. Qxd4 O-O (7... b6 8. Be2 Bb7 9. O-O O-O 10. b3 Re8 11. Bb2
{1-0 Velikov,P-Birnboim,N/EU-chT Skara 1980 (28)}) 8. Be2 d6 {Das ist eine
genügsame Fortsetzung. Weiß erhält jetzt die etwas besseren Aussichten dank
seines Raumvorteils und der aktiveren Figurenaufstellung.} (8... Re8 9. O-O Bd6
{Ich empfehle für Schwarz diesen Plan. Sein Läufer wird eine starke Figur auf
e5.} 10. Rd1 (10. Bd2 Be5 11. Qd3 Qe7 (11... c6 $5) 12. Rad1 c6 13. Rfe1 (13.
b3 $5) 13... d6 {Dorfman,J-Sokolov,I/JUG-chT Cetinje 1991/1-0 (50)} (13... d5
14. cxd5 cxd5 15. Nxd5 Nxd5 16. Qxd5 Bxb2 17. Qb5 Ba3 18. Bc3 Be6 19. Bd3 Rac8
$10 {Dorfman,I})) (10. f4 Qe7 $1 11. Bf3 Bc5 12. Qd3 d6 13. Kh1 c6 14. h3 Bb4
15. Bd2 Bxc3 16. Bxc3 Ne4 $15 {1/2-1/2 Seirawan,Y-Ehlvest,J/Haninge 1990})
10... Be5 11. Qd3 c6 12. Bd2 d6 13. h3 g6 14. Qc2 Bf5 15. Bd3 Bxd3 16. Qxd3 Qe7
{1/2-1/2 King,D-Speelman,J/Hastings 1990 (27)}) (8... c6 9. e4 d5 10. cxd5 b5
11. a3 Bb7 12. Bf3 a5 {~/= Suba,M-Braun,M/Baden_Baden 1986}) 9. b3 Be6 (9...
Re8 10. Bb2 Bf8 11. O-O-O Bd7 12. g4 Bc6 13. f3 Qe7 14. e4 a5 15. h4 {1-0
Petit,E-Rynik,G/Toulouse op 1990 (30)}) 10. Bf3 c6 11. Bb2 d5 12. cxd5 cxd5 (
12... Nxd5 $4 13. Nxd5 cxd5 14. Qxg7#) 13. O-O $14 {Weiß hat klassischen
Vorteil. Der Gegner hat einen isolierten Bauern und verbleibt ohne besonderes
Gegenspiel. In derartigen Stellungen sind die weißen Läufer stark auf den
großen Diagonalen.} Qa5 14. Rfc1 $5 {Weiß gibt seinem Damenturm eine
ungewüöhnliche Aufgabe.. Die "übliche" Turmplazierung wäre Rfd1 und Rac1.} (14.
Rac1 Rac8 (14... Rfc8 15. a3 Bxa3 16. Ra1 Bxb2 17. Rxa5 Bxc3 18. Qa4 Bxa5 19.
Qxa5 $16) 15. a3 Bxa3 (15... Bc5 16. Qa4 Qxa4 17. Nxa4 $14) 16. Ra1 Bxb2 17.
Rxa5 Bxc3 18. Qxa7 Bxa5 19. Qxa5 $16) 14... Rac8 (14... Rfc8) 15. a3 a6 16. b4
{Weiß gewinnt Raum am Damenflügel. Dieser Zug schwächt gleichzeitig den Punkt
c4, aber das hat keine große Bedeutung, weil nach einem eventuellen Rc8-c4
Weiß immer Be2 spielen kann.} Qd8 17. Rd1 a5 {Schwarz muß etwas Aktives
spielen, sonst verliert er den Bauern d5 ohne Kompensation.} (17... Rc4 18.
Qxc4 dxc4 19. Rxd8 Rxd8 20. Bxb7 Rd2 21. Rb1 Bf5 22. e4) 18. bxa5 (18. Nxd5
Bxd5 (18... Nxd5 $4 19. Qxg7#) 19. Bxd5 Qxd5 20. Qxd5 Nxd5 21. Rxd5 axb4 22.
axb4 Bxb4 23. Rb5 $14 {Weiß gewinnt einen Bauern, aber technisch ist er sehr
schwer zu verwerten.}) 18... Rc5 19. Ne2 {[%cal Ge2f4,Gf4d5,Gf4e6,Gb2g7]} Qxa5
20. Nf4 {Weiß hat sehr gutes Figurenspiel, während Schwarz nur sehr
beschränkte Möglichkeiten besitzt.} Rd8 21. Be2 Rc2 22. Bd3 Rc6 23. h3 {
Weiß muß nicht eilen. Richtigerweise sichert er zunächst seinen Königsflügel
zu versichern.} Qb6 $6 {Es war notwendig die Damen auf dem Brett zu halten.
Nach diesem Zug verliert Schwarz seine minimalen Hoffnungen auf Gegenspiel.}
24. Qxb6 Rxb6 25. Bd4 {[%csl Gd4,Rd5]} Rb3 (25... Rc6 26. Rdb1 {[%cal Rb1b7]})
26. a4 Ne8 27. Bc2 Rb4 (27... Ra3 28. Rxa3 (28. Rab1) 28... Bxa3 29. Bb3) 28.
Nd3 Rc4 29. Bb3 Rcc8 30. Bb6 {[%csl Gb6] Es ist bemerkenswert, wie Weiß seine
Stellung schrittweise verbessert..} Rd7 31. a5 Bf6 (31... Nd6 $2 32. Nc5 $16)
32. Rac1 Ra8 {Das ist eines der seltenen Beispiel, wo der Verteidiger sich
nicht durch Abtausch entlasten kann.} (32... Rxc1 33. Rxc1 {[%csl Gd7][%cal
Gc1c8]}) 33. Nc5 Re7 34. Bxd5 Bxd5 35. Rxd5 $16 {Weiß hat einen Bauern mehr,
aber seine Mehrheit ist am Königsflügel. Dank seines Druckes am Damenflügel
ist nun der Bauer auf b7 besonders schwach geworden.} Nc7 36. Rd3 Ne6 37. Nxe6
fxe6 (37... Rxe6 38. Rc7 Rb8 39. Rdd7 $16 {[%cal Rc7g7]}) 38. f4 {Endlich
mobilisiert Weiß seine Mehrheit am Königsflügel. Erwähnenswert ist, daß Weiß
beide offenen Linien kontrolliert.} e5 $8 39. f5 e4 {Schwarz muß so spielen,
sonst kommt Weiß zu e3-e4 und der Läufer auf f6 würde eingeengt werden.} 40.
Rd5 Be5 41. g4 {Weiß hat freie Hand. Jetzt aktiviert er seine Mehrheit.} g6 42.
Rf1 gxf5 (42... Rf8 $2 43. Bc5 $18) 43. Rxf5 Bg7 44. Kg2 {Das Vorrücken des
weißen Königs entscheidet praktisch die Partie.} Rc8 45. Kg3 h6 {Sonst kann
Schwarz seinen Turm nicht aktivieren.} 46. Kh4 Rc1 47. Kh5 Rh1 48. h4 Rh3 49.
Rd6 (49. Kg6 Re6+) 49... Kh7 (49... Rh1 50. Kg6 $18) 50. Bd8 Re8 (50... Re5 51.
Rxe5 Bxe5 52. Rxh6+ $18) 51. Bf6 $18 {Nach diesem Zug hat Schwarz keine
Verteidigung.} Bf8 52. Rd7+ Kg8 53. Kg6 {Schwarz gab auf. Es droht 54.Rh7 und
55.Rh8#} (53. Kg6 Rg3 54. g5 hxg5 55. h5) 1-0

[Event "Hastings 9091"]
[Site "Hastings"]
[Date "1990.12.??"]
[Round "9"]
[White "King, Daniel J"]
[Black "Speelman, Jonathan S"]
[Result "1/2-1/2"]
[WhiteElo "2560"]
[BlackElo "2605"]
[Annotator "Ribli,Z"]
[PlyCount "54"]
[EventDate "1990.12.??"]
[EventType "tourn"]
[EventRounds "14"]
[EventCountry "ENG"]
[EventCategory "13"]
[SourceTitle "CBM 022"]
[Source "ChessBase"]
[SourceDate "1991.06.01"]
[SourceVersion "1"]
[SourceVersionDate "1991.06.01"]
[SourceQuality "1"]

1. c4 e5 2. Nc3 Nf6 3. Nf3 Nc6 4. e3 Be7 5. d4 exd4 6. Nxd4 O-O 7. Be2 Re8 8.
O-O Nxd4 9. Qxd4 Bd6 10. Rd1 (10. f4 Qe7 11. Bf3 Bc5 12. Qd3 d6 13. Kh1 c6 $13
{Seirawan,Y-Ehlvest,J Haninge 1990 CBM/18 49/(42)}) 10... Be5 11. Qd3 c6 12.
Bd2 d6 13. h3 g6 14. Qc2 Bf5 15. Bd3 Bxd3 16. Qxd3 Qe7 17. Be1 Rad8 18. Qe2 Qe6
19. Rac1 d5 20. cxd5 Nxd5 21. b3 Nf6 22. Na4 Ne4 23. Qc2 Bf6 24. Nc3 Nxc3 25.
Bxc3 Bxc3 26. Qxc3 Rd5 27. Qb4 Rd7 1/2-1/2

[Event "Kecskemet"]
[Site "Kecskemet"]
[Date "1990.??.??"]
[Round "3"]
[White "Stangl, Markus"]
[Black "Hertneck, Gerald"]
[Result "1/2-1/2"]
[WhiteElo "2405"]
[BlackElo "2480"]
[Annotator "Ribli,Z"]
[PlyCount "30"]
[EventDate "1990.06.??"]
[EventType "tourn"]
[EventRounds "13"]
[EventCountry "HUN"]
[EventCategory "8"]
[SourceTitle "CBM 020"]
[Source "ChessBase"]
[SourceDate "1991.02.01"]
[SourceVersion "1"]
[SourceVersionDate "1991.02.01"]
[SourceQuality "1"]

1. c4 e5 2. Nc3 Nf6 3. Nf3 Nc6 4. d3 Be7 5. e3 O-O 6. Be2 d5 7. cxd5 Nxd5 8.
O-O b6 (8... Be6 9. a3 (9. Qc2 Qd7 10. Rd1 f5 11. a3 a5 12. Rb1 Bf6 13. Ne4 $1
$14 {Ribli,Z-Georgiev,Kir Reggio Emilia 1989/90 49/42}) 9... f5 10. Qc2 Kh8 11.
Rd1 Qe8 12. Nxd5 Bxd5 13. b4 a6 14. Bb2 Qg6 15. g3 {Khasin,Al-Baburin,A URS-sf
Russia-ch Gorky 1989 CBM/16}) 9. a3 Bb7 10. Qc2 Re8 11. Rd1 Nxc3 12. Qxc3 (12.
bxc3 $5) 12... Bf6 13. Qc2 Qd5 14. Bd2 Rad8 15. Rac1 Rd7 1/2-1/2

[Event "Hastings 9091"]
[Site "Hastings"]
[Date "1990.12.??"]
[Round "5"]
[White "King, Daniel J"]
[Black "Kosten, Anthony C"]
[Result "1/2-1/2"]
[WhiteElo "2560"]
[BlackElo "2510"]
[Annotator "Ribli,Z"]
[PlyCount "66"]
[EventDate "1990.12.??"]
[EventType "tourn"]
[EventRounds "14"]
[EventCountry "ENG"]
[EventCategory "13"]
[SourceTitle "CBM 022"]
[Source "ChessBase"]
[SourceDate "1991.06.01"]
[SourceVersion "1"]
[SourceVersionDate "1991.06.01"]
[SourceQuality "1"]

1. c4 Nf6 2. Nc3 e5 3. Nf3 Nc6 4. e3 Bb4 5. Qc2 Bxc3 6. bxc3 O-O (6... e4 7.
Ng5 Qe7 8. f3 exf3 9. Nxf3 O-O 10. Be2 b6 11. O-O Bb7 12. Ng5 g6 $10 {
Timschenko}) 7. d3 d6 8. Be2 Qe7 9. Nd2 Ng4 10. e4 f5 11. Bxg4 fxg4 12. Nf1 Be6
13. Ne3 a6 14. a4 a5 15. Nd5 Qd7 16. Be3 Ne7 17. O-O Ng6 18. d4 Rae8 19. Rab1
b6 20. c5 exd4 21. cxd4 Bxd5 22. exd5 Ne7 23. cxb6 cxb6 24. Rxb6 Nxd5 25. Qb3
Rf5 26. Bd2 h5 27. Rb5 Qf7 28. Qd3 Rf8 29. f3 h4 30. Qe4 h3 31. Qxg4 hxg2 32.
Kxg2 Rf6 33. Kh1 Nf4 $44 1/2-1/2

[Event "Donetzk zt"]
[Site "Donetsk"]
[Date "1998.11.03"]
[Round "2"]
[White "Onischuk, Alexander"]
[Black "Berelowitsch, Alexander"]
[Result "1-0"]
[WhiteElo "2630"]
[BlackElo "2495"]
[Annotator "Ribli,Z"]
[PlyCount "67"]
[EventDate "1998.11.02"]
[EventType "swiss"]
[EventRounds "11"]
[EventCountry "UKR"]
[SourceTitle "CBM 068"]
[Source "ChessBase"]
[SourceDate "1999.02.01"]
[SourceVersion "1"]
[SourceVersionDate "1999.02.01"]
[SourceQuality "1"]

1. c4 e5 2. Nc3 Nf6 3. Nf3 Nc6 4. e4 {Dieser Zug, mit dem Weiß freiwillig das
Feld d4 schwächt, wirkt auf den ersten Blick etwas umnatürlich. Andererseits
kontrolliert Weiß stark das Feld d5. Ribli.} Bb4 (4... Bc5 5. Nxe5 Nxe5 (5...
Bxf2+ 6. Kxf2 Nxe5 7. d4 Neg4+ 8. Kg1 $16) 6. d4 Bb4 7. dxe5 Nxe4 8. Qd4 Nxc3
9. bxc3 Be7 10. Qe4 $14 {Weiß hat strukturelle Schwächen in der c-Linie, aber
seine Figuren stehen aktiv.}) 5. d3 d6 6. g3 O-O (6... Bc5 $5 {[%csl Yd4]}) 7.
Bg2 Bg4 {Schwarz verfolgt eine einfache Strategie. Er tauscht den Springer f3
ab und verbessert so seine Kontrolle über das Feld d4.} (7... Nd4 $5 8. h3 (8.
O-O Bg4 $15 {[%csl Gd4,Rf3,Gg4][%cal Gg4d1]} 9. h3 $2 Nxf3+ 10. Bxf3 Bxh3 $17))
(7... Ne8 $6 8. O-O Bxc3 9. bxc3 f5 10. exf5 Bxf5 11. Nh4 $14 {[%csl Gg2]}) 8.
h3 Bxf3 9. Bxf3 Bc5 {[%csl Yd4]} (9... Nd4 $5 10. Bg2 a5 $5 (10... a6 11. O-O
Bc5 12. Kh2 c6 13. f4 b5 14. Be3 Rb8 15. cxb5 axb5 16. Ne2 Ne6 17. Bxc5 dxc5 {
0-1 Grimm,S-Sieglen,J/Godesburg GM 1995 (48)}) 11. O-O Bc5 (11... c6 12. Be3
Bc5 13. Kh2 Ne6 14. Qd2 Qe7 15. Ne2 Bxe3 16. Qxe3 c5 17. Qd2 Ne8 18. Rae1 N8c7
19. Nc3 a4 20. f4 Nd4 21. Qd1 Qd7 22. fxe5 dxe5 23. Nd5 Ra6 24. Rf2 b5 {
0-1 Summerscale,A-Adams,M/London 1987/TD (38)}) 12. Rb1 c6 13. a3 $14 b5 14. b4
axb4 15. axb4 Bb6 16. Kh1 Nd7 17. f4 exf4 18. gxf4 Rc8 19. Bb2 Qe7 20. cxb5
Nxb5 21. Ne2 Qh4 {0-1 Ehlvest,J-Adams,M/Terrassa 1991/CBM 24/[Ribli] (55)}) 10.
O-O h6 {Schwarz beugt eventuellem Bg5 vor.} 11. Bg2 a6 {[%cal Gc5a7]} 12. a3
$11 {Weiß besitzt das Läuferpaar, aber der schwarze Läufer c5 kontrolliert
stark die schwarzen Felder, besonders d4.} Nd4 13. b4 Ba7 14. Kh2 {Weiß
bereitet den Angriffszug f2-f4 vor.} c6 15. Bb2 Re8 {[%cal Gf6d7,Gd7f8,Gf8e6,
Ge6d4]} (15... Ne8 $5 {[%cal Ge8c7,Gc7e6,Ge6d4]} 16. f4 exf4 17. gxf4 f5 $11)
16. Ne2 a5 (16... Nxe2 17. Qxe2 Nd7 18. f4 Nf8 (18... exf4 $6 19. gxf4 $40) (
18... Bd4 19. Bxd4 exd4)) 17. f4 Nd7 (17... axb4 18. axb4 Qe7 19. fxe5 dxe5 20.
c5 Nxe2 21. Qxe2 b6 $11) (17... Nxe2 18. Qxe2 Bd4 19. Bxd4 exd4 20. Qf2 $14)
18. h4 {[%cal Gg2h3,Gh3d7] Weiß will seinen Läufer über h3 verbessern.} Nxe2 (
18... Nf6 19. Bh3 axb4 20. axb4 Qe7) 19. Qxe2 Nf8 {[%cal Gf8e6,Ge6d4]} (19...
exf4 $6 20. Rxf4 $14 {[%cal Ga1f1,Gf1f7]}) 20. Bh3 Qe7 (20... Ne6 21. Qh5 $1 (
21. fxe5 dxe5 22. Bxe5 Nd4 23. Bxd4 Bxd4 $44 {[%csl Gd4] Schwarz hat einen
Bauern weniger, aber sein Läufer steht ausgezeichnet auf d4.}) 21... exf4 22.
Bxe6 fxe6 (22... fxg3+ $2 23. Kxg3 $18 {[%csl Rg7,Rg8][%cal Rh5f7,Rf7g7]}) 23.
Rxf4 $36 {[%csl Gb2,Gf4,Gh5]}) 21. Qg4 $14 {Weiß hat die etwas aktivere
Stellung, schafft aber noch keine konkreten Drohungen.} Bd4 22. Bxd4 exd4 23.
Qf3 {[%cal Gf3f2,Gf2d4]} axb4 (23... Ra7 {[%cal Ge8a8,Ga8a1]} 24. b5 c5 $14 {
Und Weiß hat freie Hand am Königsflügel.}) 24. axb4 Rxa1 {Weiß hat die etwas
aktivere Stellung und es ist nicht leicht für Schwarz einen aktiven Plan zu
finden.} (24... Nd7) (24... Reb8 {Schwarz bereitet 25...Qd8 nebst 26...Rxa1 /
27...Ra8 vor.} 25. Qf2 c5 26. Qb2 $14 {[%cal Gb2b6]}) 25. Rxa1 {[%cal Ga1a8]}
d5 {[%cal Ge7b4]} 26. cxd5 cxd5 (26... Qxb4 27. Bg2 cxd5 28. e5 {Das ist
Zugumstellung.}) 27. e5 $1 {[%csl Rd4,Rd5] Weiß muß die e-Linie geschlossen
halten.} (27. exd5 $6 Qxb4 $15 {[%csl Gb4,Ye3][%cal Ge8e1]}) 27... Qxb4 28. Bg2
{[%csl Rd5][%cal Rg2d5]} Nd7 $2 {Schwarz gibt schnell seinen Mehrbauern zurück.
Nach meiner Meinung wäre besser, den d5-Bauern zu verteidigen.} (28... Rd8 29.
Qd1 {[%cal Ra1b1,Rb1b7]} Ne6 30. Rb1 Qe7 31. Rb6 $44) 29. Qxd5 {[%csl Gd5]} Nc5
30. Rc1 {[%csl Rc5]} Nxd3 {Schwarz hat jetzt einen Bauern mehr, aber der weiße
Turm dringt kraftvoll ein.} (30... b6 31. Rc4 $16 {[%csl Rd4]}) 31. Rc7 $16 {
[%csl Gc7,Rf7,Rg8][%cal Rc7f7,Gc7b7]} Rf8 (31... Qf8 32. Qxd4 {[%csl Rd3]} Rd8
33. Bd5 Ne1 34. Qe4 $18 (34. Bxf7+ Kh8 35. Qe4 Rd2+ 36. Kh3 $18)) 32. e6 $1 {
[%csl Rf7,Rg8] [#]} Nf2 {[%cal Gf2g4,Gg4h2]} (32... fxe6 33. Qd7 $18 {[%cal
Rc7g7]}) 33. exf7+ Kh8 34. Qf3 $1 {[%csl Rf2] Die Stellung ist materiell
gleich, aber Weiß steht positionell überlegen. Sein f7-Bauer ist sehr stark,
es hängt b7 und, was noch wichtiger ist, der Springer f2 steht schlecht.
Schwarz gab daher auf.} (34. Qf3 Qd2 35. Re7 {[%cal Re7e8,Re7e2,Re2f2,Re2d2]})
1-0